| Tag |
First Indicator |
Second Indicator |
Subfields |
| LEADER |
00000cam a2200000 a 4500 |
| 001 |
in00000009380 |
| 005 |
20151007051531.0 |
| 007 |
hd afb||||||| |
| 008 |
880322r19801979miuab ab 00010 eng d |
| 035 |
|
|
|a (OCoLC)17659861
|
| 035 |
|
|
|9 AAA3465AM
|
| 040 |
|
|
|a TXA
|c TXA
|d UtOrBLW
|
| 043 |
|
|
|a f-gh---
|
| 049 |
|
|
|a TXAI
|
| 099 |
|
|
|a film
|a B
|a 3134
|
| 100 |
1 |
|
|a Cannon, Philip Gregory.
|
| 245 |
1 |
4 |
|a The distribution and severity, etiology, and preventive management of the dieback of Terminalia ivorensis in Ghana /
|c by Philip Gregory Cannon.
|
| 264 |
|
1 |
|a [Place of publication not identified] :
|b [publisher not identified] ;
|c 1979.
|
| 300 |
|
|
|a vi, 106 leaves :
|b illustrations, maps.
|
| 336 |
|
|
|a text
|b txt
|2 rdacontent
|
| 337 |
|
|
|a microform
|b h
|2 rdamedia
|
| 338 |
|
|
|a microfilm reel
|b hd
|2 rdacarrier
|
| 502 |
|
|
|b Ph. D.
|c North Carolina State University at Raleigh
|d 1979.
|
| 500 |
|
|
|a Vita.
|
| 504 |
|
|
|a Includes bibliographical references.
|
| 533 |
|
|
|a Microfilm.
|b Ann Arbor, Mich. :
|c University Microfilms International,
|d 1980.
|e 1 microfilm reel ; 35 mm.
|
| 500 |
|
|
|a Microform.
|
| 650 |
|
0 |
|a Terminalia ivorensis
|x Diseases and pests.
|
| 650 |
|
0 |
|a Dieback
|z Ghana.
|
| 999 |
|
|
|a MARS
|
| 999 |
f |
f |
|s 9f3e60f0-a154-336c-a24b-695758f4ae19
|i 6272544d-8fd7-32ff-90d0-40137bd2e727
|t 0
|
| 952 |
f |
f |
|p default
|a Texas A&M University
|b College Station
|c Sterling C. Evans Library
|d Evans: Microforms (3rd floor)
|t 0
|e film B 3134
|h Other scheme
|i microform -- microfilm reel
|
| 998 |
f |
f |
|a film B 3134
|t 0
|l Evans: Microforms (3rd floor)
|